000
00244nam a2200097Ia 4500
008
230907s9999||||xx |||||||||||||| ||und||
082
_a
338.95
_b
MEE
245
0
_a
Meeting Asia's infrastructure needs /
300
_a
xxi, 106 pages ;
942
_c
BK
999
_c
600023
_d
600023